What is this? - Statistics

General Stats
  • This quiz has been taken 25 times
  • The average score is 14 of 16
Answer Stats
Picture Answer % Correct
Bowling
100%
Cherry
100%
Lips
100%
Snake
100%
Castle
96%
Chair
96%
Raccoon
96%
Snow
91%
Cupcake
87%
High Heel
87%
Money
87%
Nail Polish
87%
Vase
87%
Palm Tree
83%
Cliff
78%
Cow
57%
No matching quizzes found
Score Distribution
Percent of People with Each Score
Percentile by Number Answered
Your Score History
You have not taken this quiz